000 01327cam a22003617a 4500
003 CHAP
005 20220329142724.0
008 030228d2002 mx d r 00110 spa d
010 _a86855
011 _a87827
035 _a98371
040 _cCHAP
090 _aTesis
100 0 0 _aRuvalcaba Enríquez, Mario.
_9101002
245 1 0 _aAnálisis de la serie de tiempo del precio de la guayaba de 1985 a 2002
_c/por Mario Ruvalcaba Enríquez
260 _aChapingo, Méx. :
_bEl autor,
_c2002
300 _a67 h. :
_bgráfs. ; cuadros ; diagrama
502 _aTesis (Lic. en Economía Agrícola) -- UACH. División de Ciencias Económico Administrativas
590 _aALEPH
_b10
_c20130110
_lUCH01
_h1451
590 _aBATCH-UPD
_b10
_c20130110
_lUCH01
_h0750
590 _aBATCH-UPD
_b10
_c20130410
_lUCH01
_h0430
590 _aBATCH-UPD
_b10
_c20130914
_lUCH01
_h1554
590 _aCONVERSION
_b10
_c20130109
_lUCH01
_h1348
650 1 4 _aGuayaba
_xAspectos económicos.
_951041
650 1 4 _aGuayaba
_xMercadeo.
_951055
650 1 4 _aGuayaba
_xPrecios.
_951060
650 1 4 _aGuayaba
_xRendimiento.
_951064
901 _aBK
905 _aMarco A. Mendoza T.
942 _cFOLL
949 _aTesis
_bBC
_cTES
_d33724000887014
_eTS2
_fc.2
_gDonaciØn
_h40626
_i98371
_si
949 _aTesis
_bBC
_cTES
_d983711
_eTS1
_gDonaciØn
_h40625
_i98371
_sb
999 _c86855
_d86855